A Portrait of Pat Carey (Record no. 333103)
[ view plain ]
| 000 -LEADER | |
|---|---|
| fixed length control field | 00493nam a2200097Ia 4500 |
| 008 - FIXED-LENGTH DATA ELEMENTS--GENERAL INFORMATION | |
| fixed length control field | 170517s9999 xx 000 0 und d |
| 245 #2 - TITLE STATEMENT | |
| Title | A Portrait of Pat Carey |
| 300 ## - PHYSICAL DESCRIPTION | |
| Extent | A Portrait of Pat Carey is an intimate look at San Francisco artist and activist, Pat Carey. This heart-warming documentary follows her life stemming from her parents immigration to the United States and follows through to her death in... |
| 650 ## - SUBJECT ADDED ENTRY--TOPICAL TERM | |
| General subdivision | Art. |
| 856 ## - ELECTRONIC LOCATION AND ACCESS | |
| Uniform Resource Identifier | <a href="http://topdocumentaryfilms.com/portrait-pat-carey/">http://topdocumentaryfilms.com/portrait-pat-carey/</a> |
| Withdrawn status | Lost status | Damaged status | Home library | Current library | Date acquired | Total Checkouts | Date last seen | Price effective from | Koha item type |
|---|---|---|---|---|---|---|---|---|---|
| College Library | College Library | 05/17/2017 | 05/17/2017 | 05/17/2017 | Documentary Films |